Mythen und Mythenkritik bei Theophilos von Antiochia

Saved in:  
Bibliographic Details
Main Author: Hack, Jasmin (Author)
Format: Print Article
Language:German
Check availability: HBZ Gateway
Interlibrary Loan:Interlibrary Loan for the Fachinformationsdienste (Specialized Information Services in Germany)
Published: 2016
In: Mythos und Neomythos
Year: 2016, Pages: 13-32
RelBib Classification:KAB Church history 30-500; early Christianity
Further subjects:B World view
B Early Christianity (motif)
B Mythology
B Hermeneutics

MARC

LEADER 00000caa a22000002c 4500
001 1589933400
003 DE-627
005 20251229204517.0
007 tu
008 190311s2016 xx ||||| 00| ||ger c
020 |a 9783506782526 
035 |a (DE-627)1589933400 
035 |a (DE-576)519933400 
035 |a (DE-599)BSZ519933400 
040 |a DE-627  |b ger  |c DE-627  |e rakwb 
041 |a ger 
084 |a 1  |2 ssgn 
084 |a 0  |2 ssgn 
100 1 |a Hack, Jasmin  |4 aut 
245 1 0 |a Mythen und Mythenkritik bei Theophilos von Antiochia 
264 1 |c 2016 
336 |a Text  |b txt  |2 rdacontent 
337 |a ohne Hilfsmittel zu benutzen  |b n  |2 rdamedia 
338 |a Band  |b nc  |2 rdacarrier 
601 |a Antiochia 
650 0 7 |0 (DE-588)4041005-5  |0 (DE-627)104616903  |0 (DE-576)209043016  |a Mythologie  |2 gnd 
650 0 7 |0 (DE-588)4065352-3  |0 (DE-627)106119443  |0 (DE-576)209158085  |a Weltbild  |2 gnd 
650 0 7 |0 (DE-588)4128972-9  |0 (DE-627)105713252  |0 (DE-576)209606614  |a Hermeneutik  |2 gnd 
650 0 7 |0 (DE-588)4129954-1  |0 (DE-627)104161795  |0 (DE-576)209614838  |a Frühchristentum  |2 gnd 
652 |a KAB 
773 0 8 |i In  |t Mythos und Neomythos  |d Paderborn : Schöningh Paderborn, 2016  |g (2016), Seite 13-32  |h 325 Seiten  |w (DE-627)844152013  |w (DE-576)47553364X  |z 3506782525  |z 9783506782526  |7 nnam 
773 1 8 |g year:2016  |g pages:13-32 
889 |w (DE-627)1743970188 
935 |a BIIN  |a mteo 
951 |a AR 
BIB |a 1 
ELC |b 1 
ITA |a 1  |t 1 
LOK |0 000 xxxxxcx a22 zn 4500 
LOK |0 001 3060169586 
LOK |0 003 DE-627 
LOK |0 004 1589933400 
LOK |0 005 20190311230622 
LOK |0 008 190311||||||||||||||||ger||||||| 
LOK |0 035   |a (DE-Tue135-1)244390 
LOK |0 040   |a DE-Tue135-1  |c DE-627  |d DE-Tue135-1 
LOK |0 852   |a DE-Tue135-1 
LOK |0 852 1  |c FTH072984/HKJ  |m p  |9 00 
LOK |0 852 2  |b RP 05-100  |9 00 
LOK |0 935   |a iFSA 
LOK |0 936ln  |0 1442044284  |a KAB 
LOK |0 938   |k p 
LOK |0 939   |a 11-03-19  |b l12 
LOK |0 000 xxxxxcx a22 zn 4500 
LOK |0 001 3830986181 
LOK |0 003 DE-627 
LOK |0 004 1589933400 
LOK |0 005 20251229204300 
LOK |0 008 210106||||||||||||||||ger||||||| 
LOK |0 035   |a (DE-Tue135)844152013_2016_13 
LOK |0 040   |a DE-Tue135  |c DE-627  |d DE-Tue135 
LOK |0 092   |o n 
LOK |0 852   |a DE-Tue135 
LOK |0 852 1  |9 00 
LOK |0 935   |a imwa  |a ixau  |a rwrk 
LOK |0 939   |a 06-01-21  |b l01 
ORI |a SA-MARC-ixtheoa001.raw 
REL |a 1 
STA 0 0 |a Early Christianity (motif),Church,Early Christianity,Early church,Hermeneutics,Mythology,World view,Conception of the world,Understanding of the world 
STB 0 0 |a Christianisme primitif (motif),Christianisme primitif,Paléochristianisme,Paléochristianisme,Église,Herméneutique,Image du monde,Vision du monde,Vision du monde,Mythologie 
STC 0 0 |a Cristianismo primitivo,Hermenéutica,Imagen del mundo,Mitología 
STD 0 0 |a Cristianesimo delle origini,Ermeneutica,Immagine del mondo,Mitologia 
STE 0 0 |a 世界观,宇宙观,早期基督教,神话,神话学,诠释学,解释学 
STF 0 0 |a 世界觀,宇宙觀,早期基督教,神話,神話學,詮釋學,解釋學 
STG 0 0 |a Cristianismo primitivo,Hermenêutica,Imagem do mundo,Mitologia 
STH 0 0 |a Герменевтика,Картина мира,Мифология,Раннее христианство 
STI 0 0 |a Εικόνα του κόσμου,Θεώρηση του κόσμου,Ερμηνευτική,Μυθολογία,Πρώιμος Χριστιανισμός 
SUB |a BIB  |a REL 
SYE 0 0 |a Göttersage,Göttersage , Weltdeutung,Welterfahrung,Weltbetrachtung,Weltsicht,Weltverstehen,Weltverständnis,Weltbezug , Auslegung , Alte Kirche,Frühkirche